000 00487nam a2200181Ia 4500
008 220204s9999 xx 000 0 und d
082 _aNR:63:630*84
_bHON
100 _aHong Lay-Thong
245 0 _aRubberwood processing and utilization
250 _aEd.2
260 _aMalaysia
_bFRIM
_c1999
650 _aRubberwood durability
650 _aRubberwood preservation
650 _aRubberwood resources
650 _aRubberwood seasoning
700 _aSim Heok-Choh
942 _cREF
999 _c43943
_d43943